| 000 | 01110nam a22003257a 4500 | ||
|---|---|---|---|
| 003 | CHAP | ||
| 005 | 20220329134304.0 | ||
| 008 | 971013s1981 r 00010 spa d | ||
| 010 | _a18174 | ||
| 011 | _a19146 | ||
| 035 | _a23231 | ||
| 040 | _cCHAP | ||
| 082 | 1 | 0 |
_a631.47 _bD4 |
| 100 | 0 | 0 |
_aDent, David. _931815 |
| 245 | 1 | 0 |
_aSoil survey and land evaluation _c/por Dent David y Anthony Young |
| 260 |
_aLondon : _bGeorge Allen & Unwin, _c1981 |
||
| 300 |
_a278 p. _b: láms. |
||
| 590 |
_aBATCH-UPD _b10 _c20130110 _lUCH01 _h1530 |
||
| 590 |
_aBATCH-UPD _b10 _c20130410 _lUCH01 _h0937 |
||
| 590 |
_aBATCH-UPD _b10 _c20130914 _lUCH01 _h1620 |
||
| 590 |
_aCONVERSION _b10 _c20130109 _lUCH01 _h1311 |
||
| 650 | 1 | 4 |
_aSuelos _xTopografía. _9110495 |
| 650 | 1 | 4 |
_aTierras _xEvaluación. _9113113 |
| 700 | 0 |
_aYoung, Anthony. _9123203 |
|
| 901 | _aBK | ||
| 942 | _cLIBRO | ||
| 949 |
_a631.47 D4 _bBC _cLIBRO _d33724000078085 _eLIBRO _h58427 _i23231 _si |
||
| 949 |
_a631.47 D4 _bBC _cLIBRO _d33724000078093 _eLIBRO _fc.2 _h79499 _i23231 _si |
||
| 949 |
_a631.47 D4 _bBC _cLIBRO _d33724002246975 _eLIBRO _fc.3 _gDonaciØn _h115354 _i23231 _sb |
||
| 999 |
_c18174 _d18174 |
||